BIBLIOTECA PODER JUDICIAL
Portal Judicial TDF

Prevención del suicidio : (Registro nro. 5360)

000 -LEADER
fixed length control field 01215nab a22002657a 4500
003 - CONTROL NUMBER IDENTIFIER
control field OSt
005 - DATE AND TIME OF LATEST TRANSACTION
control field 20250225211311.0
008 - FIXED-LENGTH DATA ELEMENTS--GENERAL INFORMATION
fixed length control field 190603e xxum|||| |||| 00| 0 spa d
040 ## - CATALOGING SOURCE
Transcribing agency PJ-TDF
100 ## - MAIN ENTRY--PERSONAL NAME
9 (RLIN) 4780
Personal name Lafferriére, Jorge Nicolás
245 10 - TITLE STATEMENT
Title Prevención del suicidio :
Remainder of title marco normativo nacional y provincial /
Statement of responsibility, etc Jorge Nicolás Lafferriere.
260 ## - PUBLICATION, DISTRIBUTION, ETC. (IMPRINT)
Date of publication, distribution, etc Ciudad Autónoma de Buenos Aires :
Place of publication, distribution, etc Thomson Reuters La Ley,
Name of publisher, distributor, etc 2024.
300 ## - PHYSICAL DESCRIPTION
Extent p. 27-35
500 ## - GENERAL NOTE
General note Cita: TR LALEY AR/DOC/2343/2024.<br/>
505 ## - FORMATTED CONTENTS NOTE
Formatted contents note Sumario: I. Introducción.— II. La ley 26.657 de Salud Mental.— III. La ley 27.130 de Prevención del Suicidio.— IV. Adhesiones provinciales a la ley 27.130.— V. Balance conclusivo.
505 ## - FORMATTED CONTENTS NOTE
Title ¿Te interesa el texto completo? Solicitalo al correo: koha@justierradelfuego.gov.ar
650 #0 - SUBJECT ADDED ENTRY--TOPICAL TERM
9 (RLIN) 1253
Topical term or geographic name as entry element DERECHO A LA SALUD
650 #0 - SUBJECT ADDED ENTRY--TOPICAL TERM
9 (RLIN) 1272
Topical term or geographic name as entry element SALUD MENTAL
650 #0 - SUBJECT ADDED ENTRY--TOPICAL TERM
9 (RLIN) 4514
Topical term or geographic name as entry element SALUD PUBLICA
650 #0 - SUBJECT ADDED ENTRY--TOPICAL TERM
9 (RLIN) 5365
Topical term or geographic name as entry element ASISTENCIA MÉDICA
650 #0 - SUBJECT ADDED ENTRY--TOPICAL TERM
9 (RLIN) 2925
Topical term or geographic name as entry element SUICIDIO
650 #0 - SUBJECT ADDED ENTRY--TOPICAL TERM
9 (RLIN) 2930
Topical term or geographic name as entry element PREVENCIÓN DEL SUICIDIO
773 0# - HOST ITEM ENTRY
Host Biblionumber 2713
Host Itemnumber 3170
Place, publisher, and date of publication Ciudad Autónoma de Buenos Aires : Thomson Reuters La Ley, 2015-
Title Revista Código Civil y Comercial. Nº 6 - Diciembre 2024
942 ## - ADDED ENTRY ELEMENTS (KOHA)
Source of classification or shelving scheme
Koha item type Analítica Artículo de Revista

No hay ítems disponibles.

12 de Octubre 789 Ushuaia - Tel:  54(02901)441571
Horario de Atención: 8.00 a 17.00 hs. 
bibliotecaush@justierradelfuego.gov.ar
koha@justierradelfuego.gov.ar
Seguinos en nuestras redes @bibliojustdf 

Con tecnología Koha